000
00327nam a2200109Ia 4500
008
200302s9999 xx 000 0 und d
100
_a
Griha
245
_a
Technical Manual for Evaluators A Guide for Assessing Griha Documentation Manual Vol 5
260
_b
The Energy and Resources Institute
260
_c
2013
300
_a
138 P.,
999
_c
3227
_d
3227